LEADER 01257nam a2200301 i 4500 001 000000168538 003 CaOOAMICUS 005 20080117000000.0 008 080117s2007 it u000 u ita u 013 $a145940 020 $a978-88-7332-204-7 040 $aSeMil$bita 100 1 $aOgliari, Francesco <1931->.$0(OLS)http://semarc/name/5833 245 10$aAmbrogio :$bla vita del Santo Vescovo /$cFrancesco Ogliari, Geo Portaluppi. 260 $aPavia :$bSelecta,$c2007. 300 $a128 p. :$briccamente ill. ;$c25 cm. 490 0 $aPersonaggi 500 $aContiene : Appendici. - Dono del Card. Dionigi Tettamanzi. 650 4$aAmbrogio - Bibliografia.$0(OLS)http://semarc/subject/26704 700 1 $aPortaluppi, Geo.$0(OLS)http://semarc/name/63277 830 0$aPersonaggi.$0(OLS)http://semarc/title/25065 850 $aSeMil 852 $aSeMil$W1$xVenegono$y1$m3H V 286$j119592$B119592$CSeMilBibl$Z2$F133430 $81 941 1 $a5 961 $aOmaggio: Tettamanzi Card. Dionigi 996 $6020$a978-88-7332-204-7$9(OLS)http://semarc/number/155310 996 $6245$aAmbrogio :$bla vita del Santo Vescovo$9(OLS)http://semarc/title/241124 996 $6260$aPavia :$bSelecta$9(OLS)http://semarc/publisher/34998 LEADER 00860nam a2200229 i 4500 001 000000199798 003 CaOOAMICUS 005 20110328000000.0 008 110328n it u000 u ita u 013 $a178490 040 $aSeMil$bita 245 10$a[Ricordo di don Bruno De Biasio]. 260 $a[S.l. :$bs.n.],$c[2004] 300 $a50 p. :$bill. ;$c23 cm. 500 $aTitolo assegnato dal catalogatore. 600 14$aDe Biasio, Bruno .$0(OLS)http://semarc/subject/37504 700 1 $aParrocchia di Dergano.$0(OLS)http://semarc/name/72253 850 $aSeMil 852 $aSeMil$W1$xVenegono$y1$m5D IX 11/1$j150333$B150333$CSeMilBibl$Z2$F161686 $81 961 $aOmaggio: Altro 996 $6245$a[Ricordo di don Bruno De Biasio]$9(OLS)http://semarc/title/288817 996 $6260$a[S.l. :$bs.n.]$9(OLS)http://semarc/publisher/29751